00737nam a2200217Ia 4500008004100000020001200041082002500053100004200078245006200120260003800182260002300220260000900243300000900252500004300261650003300304650001800337650002200355942001500377999001700392952011000409260312s9999 xx 000 0 und d a6160971 a342.4 F363g 1988 HNA aFernández Segado, Francisco 915923 0aEl gobierno municipal en el constitucionalismo español. aUniversidad Externado de Colombia bBogotá, Colombia c1988 a95p. aColección Humberto Nogueira Alcalá aDerecho constitucional91698 aEspaña9791 aMunicipios 96942 2ddccLIBRO c20275d20275 00102ddc40708CGaBCbBCd2025-08-30l0o342.4 F363g 1988 HNAp27482r2026-04-21t1w2026-04-21yLIBRO